000 nam a22 7a 4500
999 _c9344
_d9344
008 180127b ||||| |||| 00| 0 eng d
100 _aShivdas & sons
_95595
245 _aScience
260 _aNew Delhi